Wessex SMM7 estimating price book (Record no. 104623)
[ view plain ]
| 000 -LEADER | |
|---|---|
| fixed length control field | 00927cam a2200241 4500 |
| 001 - CONTROL NUMBER | |
| control field | ##L131066 |
| 008 - FIXED-LENGTH DATA ELEMENTS--GENERAL INFORMATION | |
| fixed length control field | 050923n2005 000 0 eng u |
| 020 ## - INTERNATIONAL STANDARD BOOK NUMBER | |
| International Standard Book Number | 0954736958 |
| 035 ## - SYSTEM CONTROL NUMBER | |
| System control number | (Sirsi) u131066 |
| 041 0# - LANGUAGE CODE | |
| Language code of text/sound track or separate title | eng |
| 050 04 - LIBRARY OF CONGRESS CALL NUMBER | |
| Classification number | 692.5 $2 18 |
| 245 00 - TITLE STATEMENT | |
| Title | Wessex SMM7 estimating price book |
| Remainder of title | 2006 |
| 250 ## - EDITION STATEMENT | |
| Edition statement | 11th ed. |
| 260 3# - PUBLICATION, DISTRIBUTION, ETC. | |
| Place of publication, distribution, etc. | Poole |
| Name of publisher, distributor, etc. | Wessex |
| Date of publication, distribution, etc. | 2005 |
| 300 ## - PHYSICAL DESCRIPTION | |
| Extent | ca. 600p. |
| Dimensions | 30cm |
| 350 ## - PRICE (NR) (BK AM CF MU VM SE) [OBSOLETE] | |
| Price | 74.95 |
| 520 ## - SUMMARY, ETC. | |
| Summary, etc. | A standard building price book aimed at providing building contractors and consultants with a comprehensive guide to the current (net cost) unit prices for building work and enabling users to ensure that their rates are competitive. Includes labour constraints, an approximate estimating section, professional information and BCIS square metre rates. |
| 590 ## - LOCAL NOTE (RLIN) | |
| Local note | IKA061205 |
| 690 ## - LOCAL SUBJECT ADDED ENTRY--TOPICAL TERM (OCLC, RLIN) | |
| Topical term or geographic name as entry element | BUILT ENVIRONMENT-BUILDING COSTS |
| 700 1# - ADDED ENTRY--PERSONAL NAME | |
| Personal name | Barnett, N.P. |
| Relator term | Editor |
| 942 ## - ADDED ENTRY ELEMENTS (KOHA) | |
| Suppress in OPAC | 0 |
| Withdrawn status | Lost status | Source of classification or shelving scheme | Damaged status | Not for loan | Home library | Current library | Shelving location | Date acquired | Total Checkouts | Full call number | Barcode | Date last seen | Date last checked out | Copy number | Price effective from | Koha item type |
|---|---|---|---|---|---|---|---|---|---|---|---|---|---|---|---|---|
| Dewey Decimal Classification | London | London | Basement | 01/12/2005 | 5 | RESERVE SHELF 443 | 30071389 | 06/08/2019 | 27/02/2007 | 1 | 06/08/2019 | Book |